00483 a2200169 450000100060000002000190000604000220002510000190004724000460006624500410011230000070015336200090016065000110016994200070018095201090018799900170029661094 a97885775526246 cAnchieta - Pituba aFarias, Airton10aUm olhar sobre os governos militareslpor10aUm olhar sobre os governos militares a800 a2009 4aBrasil cBK 00104070a91.1b91.1d2023-11-21l0o981 F224o FAR OLHp12986/PITr2023-11-21 18:29:13w2023-11-21yBK c61094d61094